Fallout Quiz - Statistics

General Stats
  • This quiz has been taken 65 times
  • The average score is 24 of 63
Answer Stats
Hint Answer % Correct
Who owns the fallout franchise now? Bethesda Game Studios / Xbox Game Studios
88%
All Fallout games Fallout
72%
Who are the tech obbessed army? The Brotherhood of Steel
72%
All Fallout games Fallout 2
70%
All Fallout games Fallout 3
70%
All Fallout games Fallout 4 / VR
67%
What game did synths first appear? (The number) 3
63%
What is the main vault in that game? (Include Vault in the answer) Vault 111
63%
All Fallout games Fallout 76
61%
Who helped work on one of the most liked fallouts? Obsidian Entertainment
60%
All Fallout games Fallout: New Vegas
58%
What are irradiated humans called? Ghouls
58%
What city is also know as the Great Green Jewel DIamond City
56%
Who are the green mutants? Super Mutants
54%
Who is the dog found at the Red Rocket? Dogmeat
53%
What city is run by a man in a computer? New Vegas
53%
What was the reason for leaving the vault in 8th game? To find your son
53%
What city had a bomb in the center? Megaton
51%
What group created a new sovreign state in California? New Callfornia Republic
51%
What is the group of slavers that came from Arizona? Ceaser's Legion
49%
What faction did the US government become? The Enclave
49%
Who are the synth sympathisers? The Railroad
49%
Who is the synth detective? Nick Valentine
47%
What was the reason for leaving the vault in the first game? To find a waterchip
47%
What is the main vault in that game? (Include Vault in the answer) Vault 101
47%
Who are the blue colored milita in Boston? The Minutemen
46%
What is the main vault in that game? (Include Vault in the answer) Vault 76
46%
What is the mercenary group in Boston called? Gunners
44%
Who is the man in the computer? Mr. House
44%
Where do two of the fallout games take place? California
40%
What is their, the above group's, superweapons? Liberty Prime
40%
Who is the robot dog, owned by the kings? Rex
40%
Who is the sniper in the T-Rex tower? Boone
39%
What city was built in an aircraft carrier? Rivet CIty
39%
What was the reason for leaving the vault in 5th game? To find your father
37%
Who is your robot compainion in Boston? Codsworth
35%
Who was the first comapany to work on fallout? Interplay Entertainment
35%
What is their, above group's, Capital? Shady Sands
35%
What city is run by a ghoul? Goodneighbor
33%
All Fallout games Fallout Shelter
32%
What city is built outside of a vault? Vault City
32%
What is their, above group's, HQ(s)? The Castle
30%
What vault is still active in Boston? Vault 81
30%
All Fallout games Fallout: Brotherhood of Steel
28%
What is their, above group's, HQ(s)? Enclave Raven Rock
26%
Who is the friendly super mutant in Vault 87 Fawkes
25%
What is their, above group's, HQ(s)? The Citadel
25%
What is their, above group's, HQ(s)? Old North Church / Railroad HQ
21%
What is their, above group's, HQ(s)? Boston Airport
18%
What is their, above group's, Capital? Flagstaff
16%
All Fallout games Fallout Tactics: Brotherhood of Steel
14%
What is the main vault in that game? (Include Vault in the answer) Vault 33
12%
What is their, above group's, HQ(s)? Commonwelth Institute of Technology / The Institue
9%
Who make the synths? The Institue
9%
What is their, above group's, HQ(s)? Enclave Adams Air Force Base
7%
What is their, above group's, Capital? Lost Hills
5%
What is their, above group's, HQ(s)? Fort Atlas
4%
Who is a deadly Crimson Caravan Gaurd? Ian
4%
What is their, the above group's, superweapons? The Prydwn
4%
What is their, above group's, HQ(s)? Hidden Valley Bunker
2%
What is their, above group's, HQ(s)? Legion Raid Camp
2%
What is their, above group's, HQ(s)? Enclave Presidential Oil Rig
2%
What was the reason for leaving the vault in latest game? To retake appalachia
2%
No matching quizzes found
Score Distribution
Percent of People with Each Score
Percentile by Number Answered
Your Score History
You have not taken this quiz